000 00931cam a2200241 4500
001 ABS66076
008 021022n2002 000 0 eng u
035 _a(Sirsi) u120215
100 _aDelargy, M.
245 _aDisrepair despair
260 _c2002
490 _aRoof
_v27(5) September/October 2002, 22-25(3)
520 _aNo win, no fee, or conditional fee agreements (CFAs) were extended to fund legal action for housing disrepair in 1998. This article argues that four years on social landlords are facing a rising tide of legal actions in disrepair cases. It concludes that unless procedures are tightened up the lawyers will be the only winners in the end. Case studies.
590 _aABS
650 _aTENANTS
650 _aSOCIAL LANDLORDS
650 _aDISREPAIR
650 _aSOCIAL HOUSING
650 _aCONDITIONAL FEE AGREEMENTS
650 _aLEGAL AID
690 _aDilapidations
_96235
942 _n0
999 _c71412
_d71412